000 00927nas a2200301 4500
001 BR0701160
003 BR-BrBNA
005 20231205110634.0
007 ta
008 230509b bl.|||p| |||| 00| 00por d
040 _aBR-BrBNA
_bpor
_cBiblioteca Nacional de Agricultura
041 _a(Pt)
072 _aL01; N10
100 1 _aPedroso, A.A.
100 1 _aBarbosa, C.E.
100 1 _aStringhini, J.H.
100 1 _aCafé, M.B.
100 1 _aLeandro, N.S.M.
100 1 _aBarbosa, V.T.
245 1 _aIntervalo entre a retirada do nascedouro e o alojamento de pintos de diferentes pesos oriundos de matrizes jovens
650 _aPINTO
650 _aINSTALAÇÃO PARA ANIMAL
650 _aPERFORMANCE
650 _aQUALIDADE
773 0 _tCiência Animal Brasileira (Brazil)
_xISSN 1518-2797
_g(Jul-Sep 2006), v. 7(3) p. 249-256
_wBR0701160
909 _a202311
_bLúcia
_c55
_dLúcia Elande
942 _2AGRIS
_n0
_cANA
999 _c188308
_d188308